000
00185 a2200097 4500
001
12053
100
_a
Ebon,M
245
_a
Malenkou
260
_a
_b
Weidenfeld
_c
090
_c
9305
_d
9305
942
_a
NUST-CAE
_c
M
_c
36162
999
_c
247126
_d
247126